| 000 | 00552nam a22001937a 4500 | ||
|---|---|---|---|
| 003 | KOHA_MİRAKIL | ||
| 005 | 20251124084159.0 | ||
| 008 | 251124b tu ||||| |||| 00| 0 tur d | ||
| 020 | _a9789750846229 | ||
| 040 |
_aTR-AnABB _btur _cTR-AnABB |
||
| 041 | _atur | ||
| 082 |
_a813.42 _bUMI 2020 |
||
| 100 | 1 | _aÜmit, Ahmet, | |
| 245 | 1 | 0 |
_aAgatha'nın anahtarı / _cAhmet Ümit |
| 260 |
_aİstanbul : _bYapı Kredi Kültür Sanat Yayıncılık, _c2020 |
||
| 300 |
_a149 sayfa ; _c20 cm |
||
| 650 | 0 | 4 | _aTürk edebiyatı, roman |
| 942 |
_2ddc _cBK |
||
| 999 |
_c9585 _d9585 |
||
| 900 | _bGizem YORULMAZ | ||